000
00294nam a22001217a 4500
008
180802b xxu||||| |||| 00| 0 eng d
082
_a
813.52
245
_a
Caring for children and their families
_c
Potts.B.L
260
_c
2002
300
_a
2
_f
CD
440
_x
9780766845473
942
_2
ddc
_c
MX
999
_c
46738
_d
46738